000 00279nam a2200121 a 4500
008 090929s1985|||| d
100 1 _aArgilli, M.
245 1 0 _aPrázdniny s otcom
260 _bMladé letá
_aBratislava
_c1985
020 _c19,50
041 _aslo
044 _axo
_cSK
999 _c221
_d221